| 000 | 00915nam a22002297a 4500 | ||
|---|---|---|---|
| 999 |
_c21658 _d21658 |
||
| 003 | AR-CdUCM | ||
| 008 | 190319b ||||| |||| 00| 0 spa d | ||
| 020 | _a9786124191633 | ||
| 040 |
_aMUNICIPALIDAD PROVINCIAL DEL CUSCO _cBIBLIOTECA MUNICIPAL DEL CUSCO |
||
| 082 |
_a658.827/O44 _bO44 |
||
| 100 |
_aOlins, Wally _945699 |
||
| 245 |
_aBrand new : _bla esencia de las futuras marcas / _cWally Olins |
||
| 260 |
_aLima ; _bUniversidad Peruana de Ciencias Aplicadas, _c2014. |
||
| 300 |
_a181 Páginas. : _bilustraciones ; _c24 cm. |
||
| 500 |
_zBibliografía: p. 163-166 _aTraducido de: Brand new : the shape of brands to come. Incuye lista de términos |
||
| 650 |
_aBranding (Mercadotecnia) _945700 |
||
| 650 |
_aImagen corporativa _945701 |
||
| 650 |
_aInvestigación motivacional (Mercadotecnia) _945702 |
||
| 710 |
_aUniversidad Peruana de Ciencias Aplicadas _945331 |
||
| 942 |
_2ddc _cLIBROS |
||
| 945 | _aRoel | ||